[Event "Baden-ch U14"]
[Site "Schoeneck"]
[Date "2009.01.04"]
[Round "6"]
[White "Wagner, Araj"]
[Black "Hagg, Fabian"]
[Result "1-0"]
[WhiteElo "1095"]
[BlackElo "1103"]
[PlyCount "79"]
[EventDate "2009.01.02"]
[EventType "swiss"]
[EventRounds "7"]
[EventCountry "GER"]
[SourceTitle "EXT 2010"]
[Source "ChessBase"]
[SourceDate "2010.11.25"]
[SourceVersion "1"]
[SourceVersionDate "2010.11.25"]
[SourceQuality "1"]

1. e4 e5 2. Nf3 Nc6 3. Bc4 Bc5 4. d3 Nf6 5. Nc3 d6 6. Bg5 h6 7. Bxf6 Qxf6 8. Nd5 Qd8 9. c3 Be6 10. b4 Bxd5 11. Bxd5 Bb6 12. a4 a6 13. Qb3 0-0 14. 0-0 Rb8 15. Kh1 Ne7 16. b5 c6 17. Bc4 d5 18. Nxe5 dxc4 19. dxc4 Qd6 20. f4 f6 21. Rad1 Nd5 22. exd5 fxe5 23. dxc6 Qe6 24. Rd6 Qf7 25. Rd7 Qe6 26. bxa6 bxa6 27. Rb7 Rxb7 28. cxb7 Rb8 29. fxe5 a5 30. Rb1 Rxb7 31. c5 Qxb3 32. Rxb3 Rf7 33. g3 Bxc5 34. Rb5 Be3 35. Rxa5 g5 36. e6 Rf6 37. Re5 Bb6 38. e7 g4 39. e8Q+ Kg7 40. Re7+ 1-0

[Event "Baden-ch U14"]
[Site "Schoeneck"]
[Date "2009.01.03"]
[Round "2"]
[White "Bahner, Daniel"]
[Black "Hagg, Fabian"]
[Result "1-0"]
[WhiteElo "899"]
[BlackElo "1103"]
[PlyCount "87"]
[EventDate "2009.01.02"]
[EventType "swiss"]
[EventRounds "7"]
[EventCountry "GER"]
[SourceTitle "EXT 2010"]
[Source "ChessBase"]
[SourceDate "2010.11.25"]
[SourceVersion "1"]
[SourceVersionDate "2010.11.25"]
[SourceQuality "1"]

1. e4 e5 2. Nf3 Nf6 3. Nxe5 Qe7 4. d4 d6 5. Nf3 Nxe4 6. Be2 Bg4 7. 0-0 Nd7 8. Nbd2 0-0-0 9. Nxe4 Qxe4 10. h3 Re8 11. Re1 Bxf3 12. gxf3 Qg6+ 13. Kh1 Qf5 14. Bf1 Rxe1 15. Qxe1 Qxf3+ 16. Bg2 Qf6 17. Qe8+ Qd8 18. Bxb7+ Kxb7 19. Qxd8 Nb6 20. Qh4 g6 21. Bh6 Bxh6 22. Qxh6 Re8 23. Qxh7 Re2 24. Qxf7 Rxc2 25. f4 Rxb2 26. Qxg6 Rd2 27. f5 Rxd4 28. Qh7 Rf4 29. h4 Nc4 30. Rb1+ Nb6 31. h5 Rh4+ 32. Kg2 Ra4 33. f6 Rxa2+ 34. Kg3 Ra3+ 35. Kg4 Ra4+ 36. Kg5 Ra5+ 37. Kg6 Ra3 38. f7 Rg3+ 39. Kh6 Rf3 40. Qe4+ Kb8 41. Qxf3 a6 42. f8Q+ Ka7 43. Rxb6 Kxb6 44. Qb8+ 1-0

[Event "Baden-ch U12"]
[Site "Neuenbuerg/Enz"]
[Date "2008.01.06"]
[Round "7"]
[White "Hagg, Fabian"]
[Black "Dieterle, Patrick"]
[Result "0-1"]
[WhiteElo "1078"]
[BlackElo "1069"]
[PlyCount "142"]
[EventDate "2008.01.04"]
[EventType "swiss"]
[EventRounds "7"]
[EventCountry "GER"]
[SourceTitle "EXT 2009"]
[Source "ChessBase"]
[SourceDate "2008.11.26"]
[SourceVersion "1"]
[SourceVersionDate "2008.11.26"]
[SourceQuality "1"]

1. d4 d5 2. Bf4 Nf6 3. e3 e6 4. Bd3 Bd6 5. Ne2 h6 6. Nd2 0-0 7. 0-0 Nc6 8. c4 dxc4 9. Nxc4 Qe7 10. Nxd6 cxd6 11. e4 d5 12. e5 Nd7 13. Ng3 f6 14. Qg4 fxe5 15. Bxh6 e4 16. Nh5 Rf7 17. Bxg7 Rxg7 18. Nxg7 Qxg7 19. Qxe6+ Qf7 20. Qxf7+ Kxf7 21. Bb5 Nxd4 22. Bxd7 Bxd7 23. Rad1 Ne2+ 24. Kh1 Bb5 25. Rfe1 Ke6 26. b3 Nf4 27. f3 Nd3 28. Re2 Nf4 29. Re3 Ke5 30. g3 Nd3 31. Re2 Nc5 32. f4+ Kd6 33. Rg2 Nd3 34. f5 Rf8 35. g4 Nf4 36. Rf2 Nh3 37. Rfd2 Kc6 38. Kg2 Nf4+ 39. Kg3 Ne2+ 40. Kf2 Nf4 41. h4 Nd3+ 42. Kg3 Kd6 43. h5 Rg8 44. h6 Ke7 45. Kh4 Kf6 46. Rg1 Bd7 47. h7 Rh8 48. g5+ Kg7 49. f6+ Kxh7 50. g6+ Kg8+ 51. Kg5 Be8 52. f7+ Bxf7 53. gxf7+ Kxf7 54. Rf1+ Ke7 55. Rc2 Rg8+ 56. Kh6 Kd6 57. Rf6+ Ke7 58. Rg6 Rxg6+ 59. Kxg6 Ke6 60. Kg5 Ke5 61. Kg4 Kd4 62. Re2 Ne5+ 63. Kf4 Kd3 64. Re3+ Kd4 65. Re1 Nd3+ 66. Kg3 Nxe1 67. Kf2 Nf3 68. Ke2 Ng1+ 69. Kf2 Kd3 70. Ke1 e3 71. Kd1 e2+ 0-1